[Event "Aragon-chT Preferente"]
[Site "Spain"]
[Date "2010.03.20"]
[Round "9.2"]
[White "Palacios Latasa, Elias"]
[Black "Glavina, Pablo"]
[Result "1/2-1/2"]
[WhiteElo "2205"]
[BlackElo "2478"]
[PlyCount "121"]
[EventDate "2010.01.23"]
[EventType "team-swiss"]
[EventRounds "12"]
[EventCountry "ESP"]
[SourceTitle "EXT 2013"]
[Source "ChessBase"]
[SourceDate "2012.11.22"]
[SourceVersion "1"]
[SourceVersionDate "2012.11.22"]
[SourceQuality "1"]
[WhiteTeam "El Olivar"]
[BlackTeam "St Casablanca"]
[WhiteTeamCountry "ESP"]
[BlackTeamCountry "ESP"]

1. e4 e5 2. Bc4 Nf6 3. Nc3 Nc6 4. d3 Bc5 5. f4 d6 6. Nf3 Bg4 7. Na4 0-0 8. Nxc5 dxc5 9. 0-0 Qd6 10. h3 Bxf3 11. Qxf3 b5 12. Bd5 Nd4 13. Qf2 Nxd5 14. exd5 Qxd5 15. fxe5 Qxe5 16. Re1 Qd5 17. Bf4 Qd7 18. Re5 Rae8 19. Rae1 Rxe5 20. Rxe5 Qd6 21. b4 Ne6 22. bxc5 Qa6 23. c3 Qa4 24. d4 c6 25. Re2 Qd1+ 26. Re1 Qd3 27. Bd6 Rd8 28. Re3 Qc4 29. Qh4 Re8 30. Be5 f6 31. Bd6 Qxa2 32. Qh5 Qb1+ 33. Kh2 Qg6 34. Qe2 Qf5 35. Qa2 a5 36. Qxa5 Qg6 37. d5 Nd8 38. Rxe8+ Qxe8 39. dxc6 Nxc6 40. Qxb5 h5 41. Qc4+ Kh7 42. Qd5 Kh6 43. Qf5 Qd8 44. Bf4+ g5 45. Bxg5+ Kg7 46. Bf4 Qe8 47. Bd6 Qf7 48. Qe4 Qd7 49. Qf3 Kg6 50. Qd3+ f5 51. Qd5 Qe8 52. Qf3 Qd7 53. Qg3+ Kh7 54. Qg5 Qf7 55. h4 Kh8 56. Qh6+ Kg8 57. Qg5+ Kh7 58. Kh3 Kh8 59. Kh2 Kh7 60. Kh3 Kh8 61. Kh2 1/2-1/2

[Event "Aragon-chT"]
[Site "Aragon"]
[Date "2009.03.21"]
[Round "8"]
[White "Galvez Perez, Jose Luis"]
[Black "Palacios Latasa, Elias"]
[Result "0-1"]
[WhiteElo "2072"]
[BlackElo "2192"]
[PlyCount "48"]
[EventDate "2009.01.24"]
[EventType "team-swiss"]
[EventRounds "9"]
[EventCountry "ESP"]
[SourceTitle "EXT 2011"]
[Source "ChessBase"]
[SourceDate "2010.11.26"]
[SourceVersion "1"]
[SourceVersionDate "2010.11.26"]
[SourceQuality "1"]

1. c4 e5 2. g3 d5 3. cxd5 Qxd5 4. Nf3 Bb4 5. Bg2 e4 6. Ng1 Nf6 7. Nc3 Bxc3 8. bxc3 0-0 9. Nh3 Nc6 10. 0-0 Bf5 11. f3 Rfe8 12. Nf2 Na5 13. fxe4 Bxe4 14. Nxe4 Nxe4 15. Kh1 Qh5 16. Qe1 Rad8 17. Rb1 c5 18. Rf4 Nf6 19. Bf3 Qg6 20. Ba3 b6 21. Rd1 Nd5 22. Rg4 Qc2 23. d4 Ne3 24. Rd2 Qa4 0-1

[Event "Aragon-chT"]
[Site "Aragon"]
[Date "2009.03.07"]
[Round "6"]
[White "Palacios Latasa, Elias"]
[Black "Martin Barbero, Roberto"]
[Result "1-0"]
[WhiteElo "2192"]
[BlackElo "2012"]
[PlyCount "105"]
[EventDate "2009.01.24"]
[EventType "team-swiss"]
[EventRounds "9"]
[EventCountry "ESP"]
[SourceTitle "EXT 2011"]
[Source "ChessBase"]
[SourceDate "2010.11.26"]
[SourceVersion "1"]
[SourceVersionDate "2010.11.26"]
[SourceQuality "1"]

1. e4 g6 2. Nc3 Bg7 3. d4 d6 4. Be3 Nf6 5. h3 0-0 6. Nf3 c6 7. Qd2 e5 8. dxe5 dxe5 9. Bd3 Re8 10. Bh6 Bh8 11. a4 Nbd7 12. Bc4 Nb6 13. Qxd8 Rxd8 14. Bb3 Be6 15. Bxe6 fxe6 16. Ke2 Nc4 17. b3 Nd6 18. Ng5 Nf7 19. Nxf7 Kxf7 20. Rhd1 Nh5 21. Be3 Nf4+ 22. Kf3 Bf6 23. Rxd8 Rxd8 24. Rd1 a6 25. Rxd8 Bxd8 26. Bxf4 exf4 27. Kxf4 e5+ 28. Ke3 Bb6+ 29. Ke2 Ke6 30. Nd1 Bd8 31. g3 Bc7 32. Nb2 Bd6 33. Nd3 g5 34. Ke3 Be7 35. f4 gxf4+ 36. gxf4 exf4+ 37. Kxf4 b5 38. c4 h6 39. e5 bxa4 40. bxa4 Bf8 41. Ke4 Ba3 42. Nf4+ Ke7 43. Kf5 Bc1 44. h4 Bd2 45. h5 Be3 46. Ng6+ Kd7 47. Kf6 Ke8 48. Ke6 Bc5 49. Nh4 Be7 50. Nf5 Bf8 51. Nd6+ Kd8 52. Kf7 Be7 53. Nb7+ 1-0

[Event "Aragon-chT"]
[Site "Aragon"]
[Date "2008.02.16"]
[Round "3"]
[White "Laliena Solanes, Luis M"]
[Black "Palacios Latasa, Elias"]
[Result "1-0"]
[WhiteElo "2201"]
[BlackElo "2198"]
[PlyCount "55"]
[EventDate "2008.02.02"]
[EventType "team-swiss"]
[EventRounds "12"]
[EventCountry "ESP"]
[SourceTitle "EXT 2011"]
[Source "ChessBase"]
[SourceDate "2010.11.26"]
[SourceVersion "1"]
[SourceVersionDate "2010.11.26"]
[SourceQuality "1"]

1. d4 Nf6 2. Nf3 g6 3. Bf4 Bg7 4. Nc3 d6 5. Qd2 Nbd7 6. Bh6 Bxh6 7. Qxh6 c6 8. e4 Qa5 9. 0-0-0 b5 10. e5 b4 11. exf6 Nxf6 12. Nb1 Qxa2 13. Bd3 a5 14. Rhe1 Be6 15. Ng5 Bd5 16. Re2 Kd8 17. Rde1 Re8 18. Nxh7 Nxh7 19. Qxh7 Ra7 20. Qh4 a4 21. Qf4 Kd7 22. Qd2 Rb7 23. c3 Bxg2 24. Qg5 f6 25. Qxg2 bxc3 26. bxc3 Qa1 27. Qe4 e5 28. Qxg6 1-0